Phân lập và khảo sát các dòng vi khuẩn phân hủy tinh bột từ ao nước thải tại làng nghề sản xuất bột gạo Thị xã Sa Đéc- tỉnh Đồng Tháp Luận văn thạc sĩ ngành khoa học môi trường. Chuyên ngành: Khoa học môi trường. Mã số: 60.85.02

Đã lưu trong:
Sonraí Bibleagrafaíochta
Príomhúdar: Nguyễn, Thị Hải Lý
Údair Eile: Nguyễn, Hữu Hiệp
Formáid: Luận văn Trealamh Leabhar
Teanga:Vietnamese
Foilsithe: Cần Thơ Đại học Cần Thơ 2010
Ábhair:
Clibeanna: Cuir Clib Leis
Gan Chlibeanna, Bí ar an gcéad duine leis an taifead seo a chlibeáil!
Thư viện lưu trữ: Trung tâm Học liệu Lê Vũ Hùng, Trường Đại học Đồng Tháp
LEADER 01378ppm a22003138a 4500
001 00029968
005 20171026081022.0
008 121205s2010 ||||||viesd
041 0 # |a vie 
082 1 4 |b PH121L  |a 579.3 
100 1 # |a Nguyễn, Thị Hải Lý 
245 0 0 |a Phân lập và khảo sát các dòng vi khuẩn phân hủy tinh bột từ ao nước thải tại làng nghề sản xuất bột gạo Thị xã Sa Đéc- tỉnh Đồng Tháp  |b Luận văn thạc sĩ ngành khoa học môi trường. Chuyên ngành: Khoa học môi trường. Mã số: 60.85.02  |c Nguyễn Thị Hải Lý; Nguyễn Hữu Hiệp (hướng dẫn) 
260 # # |a Cần Thơ  |b Đại học Cần Thơ  |c 2010 
300 # # |a 73 tr.  |c 30 cm.  |b minh họa 
500 # # |a ĐTTTS ghi: Bộ giáo dục và đào tạo. Trường Đại học Cần Thơ 
653 # # |a Luận văn 
653 # # |a Làng nghề 
653 # # |a Đồng Tháp 
653 # # |a Vi khuẩn 
653 # # |a Tinh bột 
653 # # |a Phân hủy 
700 1 # |a Nguyễn, Hữu Hiệp  |e Hướng dẫn 
852 # # |j LV.0000183 
852 # # |j LV.0000183  |b Kho đọc SĐH 
910 |d 05/12/2012 
980 # # |a Trung tâm Học liệu Lê Vũ Hùng, Trường Đại học Đồng Tháp